000 00372nam a22001577a 4500
020 _a81-7070-834-6
082 _a913
_bJAI/G
100 _aJAIN, R.K
245 _aMAP PRACTICE GEOGRAPHY
_bMAP PRACTICE
246 _aMAP PRACTICE GEOGRAPHY
_bMAP PRACTICE
260 _bRATNA SAGAR
_c2003
300 _a64
520 _aMAP PRACTICE
650 _aMAP PRACTICE
942 _cBK
999 _c1651
_d1651